000 00507nam a2200169Ia 4500
008 090201s9999 xx 000 0 und d
010 _aKPL-57292
040 _bमराठी
041 _aमराठी
082 _a42528
_b57292
100 _aप्र के अत्रे
245 _aझालाच पाहिजे
_cप्र के अत्रे
260 _c2005
_bडींपल
300 _a352
_bमोठा
600 _aझालाच पाहिजे
942 _cBOOK
999 _c239629
_d239629